| 000 | 00643nam a2200253Ia 4500 | ||
|---|---|---|---|
| 003 | OSt | ||
| 005 | 20221005054925.0 | ||
| 006 | a|||||r|||| 00| 0 | ||
| 007 | ta | ||
| 008 | 221004b |||||||| |||| 00| 0 eng d | ||
| 020 | _a0330351834 | ||
| 024 | _a57107 | ||
| 037 | _cTextual | ||
| 040 |
_aCRL _cCRL _beng |
||
| 041 |
_2eng _aeng |
||
| 082 | _aO111,3NRC,CH, N7 | ||
| 100 |
_aCook Robin _9416618 |
||
| 245 | 0 | _aChromosome 6 | |
| 260 |
_aLondon _bMacmillan UK _c1997 |
||
| 300 |
_a571p. _ccm. |
||
| 650 | _aENGLISH LITERATURE | ||
| 942 |
_hO111,3NRC,CH, N7 _cTEXL _2cc |
||
| 999 |
_c964246 _d964246 |
||